| 000 | 00498nam a2200145Ia 4500 | ||
|---|---|---|---|
| 008 | 250112s9999 xx 000 0 und d | ||
| 020 | _a978-3-319-12203-8 | ||
| 100 | _aMichele Battle-Fisher | ||
| 245 | 0 | _aApplication of Systems Thinking to Health Policy & Public Health Ethics | |
| 250 | _a2015 | ||
| 260 |
_c2015 _bSpringer International Publishing |
||
| 440 | _aSpringerBriefs in Public Health | ||
| 856 | _uhttps://link.springer.com/openurl?genre=book&isbn=978-3-319-12203-8 | ||
| 942 | _cEB | ||
| 999 |
_c377394 _d377394 |
||